[Event "Mercantile Bank 33rd ch-BAN"]
[Site "Dhaka BAN"]
[Date "2007.04.12"]
[Round "10"]
[White "Abu Sufian,S"]
[Black "Abdul,Mal"]
[Result "1/2-1/2"]
[WhiteElo "2356"]
[BlackElo "2255"]
[EventDate "2007.04.02"]

1. e4 Nc6 2. Nf3 g6 3. d4 d6 4. d5 Ne5 5. Nxe5 dxe5 6. Bb5+ Bd7 7. Qe2 Nf6
8. O-O Bg7 9. Bxd7+ Qxd7 10. c4 O-O 11. Nc3 c6 12. Be3 cxd5 13. cxd5 Rfc8
14. f3 Ne8 15. Rac1 Nd6 16. b3 b5 17. Qd3 a5 18. a4 b4 19. Nb5 Bf6 20. Nxd6
exd6 21. Qd2 Bd8 22. Rxc8 Rxc8 23. Rc1 Qb7 24. Rxc8 Qxc8 25. Qd3 Kg7 26. g4
h6 27. Kf2 Bg5 28. Bxg5 hxg5 29. Qe3 Qc2+ 30. Kg1 Qb1+ 31. Kg2 Qd1 32. h3
Qc2+ 33. Kg1 Qb1+ 34. Kg2 Qd1 35. Kf2 Qc2+ 36. Kg1 Kg8 37. Kf1 Kh7 38. Kg1
Kg7 39. Kf1 Qh2 40. Qxg5 Qxh3+ 41. Kf2 Qh2+ 42. Kf1 Qh1+ 43. Kf2 Qh2+ 44.
Kf1 Qh6 45. Qe7 Qe3 46. Kg2 Qxb3 47. Qxd6 Qe3 48. Qb8 b3 49. d6 Qd2+ 50.
Kh3 Qd1 51. Kg2 Qc2+ 52. Kg3 b2 53. d7 b1=Q 54. Qxb1 Qxb1 55. d8=Q Qg1+ 56.
Kh3 Qf2 57. Qd3 Kh6 58. Qc3 Kh7 59. Qxe5 Qxf3+ 60. Kh4 Qg2 61. g5 Qc2 62.
Qxa5 Qxe4+ 63. Kg3 Qe3+ 64. Kg4 Qe2+ 65. Kg3 Qe3+ 66. Kg2 Qe2+ 67. Kg1 Qg4+
68. Kf2 Qf4+ 69. Ke2 Qe4+ 70. Kd2 Qd4+ 71. Ke2 Qc4+ 72. Kf2 1/2-1/2

[Event "Mercantile Bank 33rd ch-BAN"]
[Site "Dhaka BAN"]
[Date "2007.04.12"]
[Round "10"]
[White "Mohammad,J"]
[Black "Mohammad,Ali"]
[Result "1/2-1/2"]
[WhiteElo "2267"]
[BlackElo "2200"]
[EventDate "2007.04.02"]

1. e4 c5 2. Nf3 d6 3. d4 cxd4 4. Nxd4 Nf6 5. Nc3 a6 6. Be3 e5 7. Nb3 Be6 8.
f3 Nbd7 9. g4 b5 10. g5 Nh5 11. Qd2 Nb6 12. Nd5 Bxd5 13. exd5 Be7 14. O-O-O
Qc7 15. Rg1 O-O 16. Kb1 Rab8 17. Rg4 f5 18. gxf6 Nxf6 19. Bxb6 Qxb6 20. Rg2
Kh8 21. Qg5 Rf7 22. Qf5 Rbf8 23. Bd3 g6 24. Qe6 Nh5 25. Rgg1 Nf4 26. Qg4
Nxd3 27. Rxd3 Rf4 28. Qg2 Rxf3 29. Rxf3 Rxf3 30. Rd1 Qf2 31. Qg4 Rf4 32. c4
Qf3 33. Qxf3 Rxf3 34. c5 dxc5 35. d6 Bd8 36. Nxc5 Rf8 37. d7 h5 38. Ne6 Rg8
39. Rc1 Be7 40. Rc8 g5 41. d8=Q Bxd8 42. Rxd8 Rxd8 43. Nxd8 g4 44. Kc2 Kg7
45. Kd3 h4 46. Ke4 h3 47. Ne6+ Kh6 48. Kxe5 g3 49. Nd4 gxh2 50. Nf5+ Kg5
51. Ng3 Kg4 52. Nh1 Kf3 53. Kd4 Kg2 54. Ke3 Kxh1 55. Kf2 1/2-1/2

[Event "Mercantile Bank 33rd ch-BAN"]
[Site "Dhaka BAN"]
[Date "2007.04.12"]
[Round "10"]
[White "Rahman,Tai"]
[Black "Abdulla,AlR"]
[Result "0-1"]
[WhiteElo "2269"]
[BlackElo "2518"]
[EventDate "2007.04.02"]

1. d4 e6 2. Nf3 Nf6 3. c4 c5 4. d5 b5 5. e4 Nxe4 6. Bd3 Nf6 7. dxe6 dxe6 8.
cxb5 Bb7 9. O-O Bd6 10. Qe2 Nbd7 11. Rd1 Qc7 12. Nbd2 O-O 13. Ne4 Bxe4 14.
Bxe4 Nxe4 15. Qxe4 Nf6 16. Qc4 Nd5 17. b3 Rfb8 18. Bb2 Qb7 19. Qg4 Bf8 20.
Rac1 Qe7 21. Qc4 Qe8 22. Qe4 h6 23. Ne5 Rxb5 24. Ng4 Rb4 25. Rc4 Rxc4 26.
bxc4 Ne7 27. h4 Nf5 28. Ne5 Rb8 29. Bc3 Rd8 30. Re1 Bd6 31. Nc6 Ra8 32. Rd1
Bf8 33. Rb1 Nd6 34. Qf3 Nxc4 35. Rb7 Nd6 36. Ne7+ Bxe7 37. Rxe7 Qxe7 38.
Qxa8+ Kh7 39. Qc6 Nf5 40. h5 Qd6 41. Qf3 Qd5 42. Qe2 Nd4 43. Qd3+ Qf5 44.
Qc4 Qc2 0-1

[Event "Mercantile Bank 33rd ch-BAN"]
[Site "Dhaka BAN"]
[Date "2007.04.12"]
[Round "10"]
[White "Murshed,N"]
[Black "Hossain,Enam"]
[Result "1/2-1/2"]
[WhiteElo "2448"]
[BlackElo "2495"]
[EventDate "2007.04.02"]

1. c4 Nf6 2. Nf3 c6 3. Nc3 d5 4. e3 a6 5. Qb3 e6 6. d4 dxc4 7. Bxc4 c5 8.
O-O Nc6 9. Be2 b5 10. Rd1 Qc7 11. dxc5 Bxc5 12. Bd2 Bb7 13. Rac1 Qb6 14.
Nxb5 axb5 15. Qxb5 Rxa2 16. b4 Ne4 17. bxc5 Qxb5 18. Bxb5 Ke7 19. Be1 Rd8
20. Rxd8 Kxd8 21. Bd3 Nf6 22. Bc3 h6 23. h3 Ke7 24. Ra1 Rxa1+ 25. Bxa1 g6
26. Bxf6+ Kxf6 27. Nd2 Nb4 28. Bc4 Ke7 29. Bb5 g5 30. Nc4 Ba6 31. Nd6 Bxb5
32. Nxb5 Kd7 33. Nd6 f6 34. Ne4 Ke7 35. g4 f5 36. Ng3 Kf6 37. f4 fxg4 38.
hxg4 gxf4 39. exf4 Nd3 40. c6 Ke7 41. f5 exf5 42. Nxf5+ Kd8 43. Nxh6 Ne5
44. g5 Nf3+ 45. Kf2 1/2-1/2

[Event "Mercantile Bank 33rd ch-BAN"]
[Site "Dhaka BAN"]
[Date "2007.04.12"]
[Round "10"]
[White "Reefat,S"]
[Black "Rahman,SM"]
[Result "0-1"]
[WhiteElo "2479"]
[BlackElo "2247"]
[EventDate "2007.04.02"]

1. e4 d5 2. exd5 Qxd5 3. Nc3 Qa5 4. d4 c6 5. Nf3 Bg4 6. h3 Bh5 7. Bc4 Nd7
8. Bd2 Ngf6 9. g4 Bg6 10. Qe2 e6 11. Ne5 Qc7 12. f4 b5 13. Nxg6 hxg6 14.
Bd3 Bd6 15. Qf3 Nd5 16. f5 gxf5 17. gxf5 Bg3+ 18. Ke2 O-O-O 19. Rag1 Bd6
20. Rxg7 Rhf8 21. Kd1 Kb8 22. Ne4 Bf4 23. Rf1 e5 24. Bxf4 Nxf4 25. Kc1
Nxd3+ 26. Qxd3 Nb6 27. Ng5 Rxd4 28. Qg3 Rd7 29. Nf3 Nc4 30. Qe1 Rfd8 31. b3
Nd2 32. Nxe5 Nxf1 33. Nxd7+ Qxd7 34. Rg4 Qd2+ 35. Qxd2 Nxd2 36. Rf4 c5 37.
h4 c4 38. bxc4 Nxc4 0-1

[Event "Mercantile Bank 33rd ch-BAN"]
[Site "Dhaka BAN"]
[Date "2007.04.13"]
[Round "11"]
[White "Rahman,SM"]
[Black "Ahmed,SN"]
[Result "0-1"]
[WhiteElo "2247"]
[BlackElo "2324"]
[EventDate "2007.04.02"]

1. e4 c5 2. Nf3 d6 3. d4 cxd4 4. Nxd4 Nf6 5. Nc3 a6 6. Be3 e6 7. f3 Be7 8.
Qd2 O-O 9. g4 Nc6 10. O-O-O Nxd4 11. Bxd4 Nd7 12. h4 b5 13. g5 Bb7 14. Rg1
b4 15. Ne2 a5 16. Be3 Ne5 17. Nd4 d5 18. Qh2 Qb8 19. Kb1 dxe4 20. Bf4 Bd6
21. fxe4 Nf3 22. Bxd6 Nxh2 23. Bxb8 Rfxb8 24. Be2 Bxe4 25. Rh1 e5 26. Rxh2
exd4 27. Rxd4 Re8 28. Bb5 Bc6 29. a4 Bxb5 30. axb5 Rab8 31. Rd5 g6 32. Rhd2
Kg7 33. R2d4 Rb7 0-1

[Event "Mercantile Bank 33rd ch-BAN"]
[Site "Dhaka BAN"]
[Date "2007.04.13"]
[Round "11"]
[White "Hossain,Enam"]
[Black "Reefat,S"]
[Result "1/2-1/2"]
[WhiteElo "2495"]
[BlackElo "2479"]
[EventDate "2007.04.02"]

1. e4 e6 2. d4 d5 3. Nc3 Nf6 4. Bg5 Be7 5. e5 Nfd7 6. h4 Bxg5 7. hxg5 Qxg5
8. Qd3 Nf8 9. Nh3 Qh4 10. Nb5 Qe7 11. c4 dxc4 12. Qxc4 Nc6 13. O-O-O a6 14.
Nc3 Nd7 15. Nf4 Nb6 16. Qe2 Bd7 17. Qe4 O-O-O 18. Rxh7 1/2-1/2

[Event "Mercantile Bank 33rd ch-BAN"]
[Site "Dhaka BAN"]
[Date "2007.04.13"]
[Round "11"]
[White "Abdulla,AlR"]
[Black "Murshed,N"]
[Result "1-0"]
[WhiteElo "2518"]
[BlackElo "2448"]
[EventDate "2007.04.02"]

1. d4 d5 2. c4 c6 3. Nc3 dxc4 4. e3 b5 5. a4 b4 6. Na2 e6 7. Bxc4 Nf6 8.
Nf3 Bb7 9. b3 Nbd7 10. Bb2 c5 11. O-O Be7 12. Nc1 O-O 13. Nd3 cxd4 14. Nxd4
a6 15. a5 Bd6 16. Qe2 Nd5 17. Qg4 N7f6 18. Qh4 Ne7 19. Rfd1 Ng6 20. Qh3 Qe7
21. f4 Bc5 22. Nxe6 fxe6 23. f5 Bxg2 24. Kxg2 Nd5 25. Bxd5 exd5 26. Nxc5
Rxf5 27. Kh1 Raf8 28. Bd4 Ne5 29. Rg1 g6 30. Raf1 Nf3 31. Rxf3 Rxf3 32.
Qe6+ Qxe6 33. Nxe6 Rc8 34. Kg2 Rf5 35. Nc5 Rcf8 36. Nd3 g5 37. Rc1 h5 38.
Rc7 R8f7 39. Rc8+ Rf8 40. Rxf8+ Rxf8 41. Nxb4 Rc8 42. Nxd5 Rc2+ 43. Kg3 h4+
44. Kg4 Rg2+ 45. Kh5 Kf7 46. Nf6 Rxh2 47. Ne4 h3 48. Nxg5+ Ke7 49. Bb6 Rh1
50. Kh4 h2 51. Nf3 Rb1 52. Nxh2 Rxb3 53. Kg4 Ke6 54. e4 Rb1 55. Nf3 Rc1 56.
Kf4 Rb1 57. Bc5 Rf1 58. Ke3 Ra1 59. Bb4 Rc1 60. Kd4 Kd7 61. Ne5+ Kc7 62.
Nd3 Rd1 63. Kc4 Kc6 64. Nc5 Rc1+ 65. Bc3 Rxc3+ 66. Kxc3 Kxc5 67. Kd3 Kc6
68. Kd4 Kd6 69. e5+ 1-0

[Event "Mercantile Bank 33rd ch-BAN"]
[Site "Dhaka BAN"]
[Date "2007.04.13"]
[Round "11"]
[White "Mohammad,Ali"]
[Black "Rahman,Tai"]
[Result "1/2-1/2"]
[WhiteElo "2200"]
[BlackElo "2269"]
[EventDate "2007.04.02"]

1. e4 c5 2. Nf3 Nc6 3. Bb5 g6 4. O-O Bg7 5. c3 Nf6 6. Re1 O-O 7. d4 d5 8.
e5 Ne4 9. Be3 cxd4 10. cxd4 Qb6 11. Qb3 Be6 12. Nc3 Na5 13. Qa4 Nxc3 14.
bxc3 Rfc8 15. Rab1 Qd8 16. Rec1 Bf5 17. Rb2 a6 18. Be2 Bg4 19. Qd1 b6 20.
a4 Nc4 21. Bxc4 Rxc4 22. Qb3 Bxf3 23. gxf3 Rb8 24. Bg5 Qd7 25. Qd1 h6 26.
Bf4 Qxa4 27. Qe1 g5 28. Bg3 e6 29. Ra1 Qc6 30. Rxa6 Rxc3 31. Raxb6 Rxb6 32.
Rxb6 Rc1 33. Rxc6 Rxe1+ 34. Kg2 Rd1 35. Rc8+ Kh7 36. Rc7 Kg6 37. h4 gxh4
38. Bxh4 Rxd4 39. Bg3 Rc4 40. Rd7 h5 41. f4 Bh6 42. f5+ exf5 43. Rd6+ Kg7
44. Rxd5 h4 45. Bh2 Bf4 46. Rd7 Kg6 47. Rd6+ Kg5 48. Rf6 Re4 49. Bxf4+ Kxf4
50. Rxf7 Kxe5 51. Rh7 Rf4 52. Rh8 Ke4 53. Re8+ Kd3 54. Rh8 Ke2 55. f3 Rxf3
56. Rxh4 Rf2+ 57. Kg3 Rf3+ 58. Kg2 f4 59. Rh8 Rg3+ 60. Kh2 Kf2 61. Ra8 Re3
62. Ra4 f3 63. Ra1 Re2 64. Kh3 Re1 65. Ra2+ Re2 66. Ra1 Rd2 67. Rb1 Ke3 68.
Rb3+ Ke2 69. Rb1 Ra2 70. Kg3 Rd2 71. Ra1 Rd3 72. Ra2+ Ke3 73. Ra8 Ke2 74.
Ra2+ Ke3 75. Ra8 Rd4 76. Ra3+ 1/2-1/2

[Event "Mercantile Bank 33rd ch-BAN"]
[Site "Dhaka BAN"]
[Date "2007.04.13"]
[Round "11"]
[White "Abdul,Mal"]
[Black "Mohammad,J"]
[Result "0-1"]
[WhiteElo "2255"]
[BlackElo "2267"]
[EventDate "2007.04.02"]

1. Nf3 d5 2. c4 c6 3. e3 Nf6 4. Nc3 a6 5. Qb3 e6 6. d4 Nbd7 7. Bd2 Be7 8.
cxd5 exd5 9. Bd3 O-O 10. O-O Re8 11. Rac1 Bd6 12. Qc2 Nf8 13. h3 Qe7 14.
Na4 Ne4 15. Nb6 Rb8 16. Nxc8 Rbxc8 17. Bc3 Ng6 18. Ne5 Nxe5 19. dxe5 Bxe5
20. Bxe4 dxe4 21. Bxe5 Qxe5 22. Qb3 Qb5 23. Qxb5 axb5 24. Rfd1 Rcd8 25. Kh2
f5 26. Kg3 Kf7 27. Kf4 Kf6 28. h4 g6 29. g4 Rd3 30. gxf5 gxf5 31. Rxd3 exd3
32. Rd1 Rd8 33. e4 c5 34. Ke3 fxe4 35. Kxe4 c4 36. f4 b4 37. Ke3 b5 38. Rg1
d2 39. Ke2 c3 40. bxc3 bxc3 41. Kd1 b4 0-1

[Event "Mercantile Bank 33rd ch-BAN"]
[Site "Dhaka BAN"]
[Date "2007.04.13"]
[Round "11"]
[White "Rahman,Zia"]
[Black "Abu Sufian,S"]
[Result "1-0"]
[WhiteElo "2543"]
[BlackElo "2356"]
[EventDate "2007.04.02"]

1. Nf3 d5 2. d4 c6 3. c4 Nf6 4. e3 Bf5 5. Nc3 e6 6. Nh4 Bg6 7. Nxg6 hxg6 8.
a3 Nbd7 9. g3 Bd6 10. c5 Bc7 11. b4 e5 12. Bg2 O-O 13. O-O Re8 14. Ra2 g5
15. e4 exd4 16. exd5 dxc3 17. d6 Bb8 18. Bxg5 a5 19. Rc2 axb4 20. axb4 Qc8
21. Qd4 Ra3 22. Bc1 Ra4 23. Qxc3 Ra6 24. Bb2 b6 25. b5 cxb5 26. c6 b4 27.
Qxb4 Rf8 28. Bh3 b5 29. c7 Qb7 30. Bxf6 1-0

[Event "Mercantile Bank 33rd ch-BAN"]
[Site "Dhaka BAN"]
[Date "2007.04.13"]
[Round "11"]
[White "Minhazuddin,A"]
[Black "Islam,Kh"]
[Result "0-1"]
[WhiteElo "2225"]
[BlackElo "2315"]
[EventDate "2007.04.02"]

1. e4 Nc6 2. d4 e5 3. d5 Nce7 4. c4 Ng6 5. Be3 Be7 6. Qd2 Nf6 7. f3 d6 8.
g3 h5 9. Bh3 Nd7 10. Nc3 h4 11. O-O-O a6 12. Kb1 Nb6 13. b3 c5 14. dxc6
bxc6 15. Qf2 Nd7 16. f4 Ngf8 17. Nf3 Qc7 18. gxh4 Bf6 19. f5 a5 20. Qd2 Be7
21. Rhg1 Rh7 22. Bf1 Ba6 23. Bg5 Nc5 24. Bxe7 Kxe7 25. h5 Nfd7 26. Rg2 Rg8
27. Qg5+ Nf6 28. Qe3 Qb6 29. h6 gxh6 30. Qd2 Qc7 31. Qe3 Qb6 32. Qd2 Rd8
33. Qe3 Qb4 34. Rgd2 Rhh8 35. Ne1 Rd7 36. a3 Qb6 37. Rb2 Rb8 38. b4 Ncxe4
39. c5 Nxc5 40. Bg2 Na4 41. Qxb6 Nxc3+ 42. Kc2 Rxb6 43. Kxc3 axb4+ 44. axb4
Bc8 45. Rbd2 Rd8 46. Nd3 Nd5+ 47. Bxd5 cxd5 48. Rf2 Ba6 49. Ra1 Bxd3 50.
Kxd3 Rxb4 51. Ra7+ Rd7 52. f6+ Ke6 53. Ra8 d4 54. Re8+ Kd5 55. Ra2 Rb3+ 56.
Kc2 Rdb7 0-1

[Event "Mercantile Bank 33rd ch-BAN"]
[Site "Dhaka BAN"]
[Date "2007.04.14"]
[Round "12"]
[White "Ahmed,SN"]
[Black "Islam,Kh"]
[Result "1/2-1/2"]
[WhiteElo "2324"]
[BlackElo "2315"]
[EventDate "2007.04.02"]

1. d4 Nf6 2. c4 g6 3. Nc3 Bg7 4. e4 O-O 5. Nf3 d6 6. Be2 e5 7. O-O Nc6 8.
d5 Ne7 9. b4 a5 10. Ba3 Nh5 11. Ne1 Nf4 12. c5 f5 13. bxa5 Rxa5 14. Bb4 Ra8
15. cxd6 cxd6 16. Nb5 Rf6 17. Nc3 1/2-1/2

[Event "Mercantile Bank 33rd ch-BAN"]
[Site "Dhaka BAN"]
[Date "2007.04.14"]
[Round "12"]
[White "Abu Sufian,S"]
[Black "Minhazuddin,A"]
[Result "1-0"]
[WhiteElo "2356"]
[BlackElo "2225"]
[EventDate "2007.04.02"]

1. e4 e5 2. Nf3 Nf6 3. d4 Nxe4 4. Bd3 d5 5. Nxe5 Nd7 6. Nxd7 Bxd7 7. O-O
Bd6 8. c4 c6 9. cxd5 cxd5 10. Nc3 Nxc3 11. bxc3 O-O 12. Qh5 g6 13. Qxd5 Qc7
14. Qf3 Bxh2+ 15. Kh1 Bd6 16. c4 Bc6 17. d5 Bd7 18. Bb2 Rfe8 19. Rfe1 Be5
20. Rxe5 Rxe5 21. Qf6 Rae8 22. Kg1 Bf5 23. d6 Qa5 24. Bxf5 gxf5 25. d7 Re1+
26. Kh2 Qc7+ 27. g3 1-0

[Event "Mercantile Bank 33rd ch-BAN"]
[Site "Dhaka BAN"]
[Date "2007.04.14"]
[Round "12"]
[White "Mohammad,J"]
[Black "Rahman,Zia"]
[Result "1/2-1/2"]
[WhiteElo "2267"]
[BlackElo "2543"]
[EventDate "2007.04.02"]

1. e4 g6 2. d4 Bg7 3. Nc3 c6 4. Nf3 d6 5. Bc4 Nf6 6. O-O b5 7. Bd3 b4 8.
Nb1 a5 9. Re1 O-O 10. Bg5 h6 11. Bd2 Na6 12. e5 dxe5 13. dxe5 Nd5 14. c4
Nb6 15. Be3 Bg4 16. Qc2 Nd7 17. Nbd2 Nac5 18. Be4 Qc7 19. h3 Nxe4 20. hxg4
Nxd2 21. Bxd2 Nxe5 22. Nxe5 Bxe5 23. Bxh6 Rfd8 24. Re4 Rd4 25. Rae1 Rxe4
26. Rxe4 Rd8 27. Qe2 Bxb2 28. Bf4 e5 29. Bg5 Rd4 30. Bf6 Rxe4 31. Qxe4 Qd6
32. g5 Kf8 33. Qg4 Qc7 34. c5 Ke8 35. Qh3 Bd4 36. Qh8+ Kd7 1/2-1/2

[Event "Mercantile Bank 33rd ch-BAN"]
[Site "Dhaka BAN"]
[Date "2007.04.14"]
[Round "12"]
[White "Rahman,Tai"]
[Black "Abdul,Mal"]
[Result "1-0"]
[WhiteElo "2269"]
[BlackElo "2255"]
[EventDate "2007.04.02"]

1. d4 Nf6 2. c4 g6 3. Nc3 Bg7 4. e4 d6 5. Nf3 O-O 6. Be2 e5 7. O-O Nc6 8.
d5 Ne7 9. Ne1 Ne8 10. Be3 f5 11. f3 f4 12. Bf2 h5 13. c5 g5 14. a4 Ng6 15.
a5 Rf7 16. Rc1 Bf8 17. Nb5 a6 18. Na3 Rg7 19. cxd6 Nxd6 20. Nc4 Bd7 21. Nd3
Nxc4 22. Rxc4 Bd6 23. Nc5 Rb8 24. Nxd7 Qxd7 25. Qa4 Qe7 26. b4 Nh4 27. h3
Kh8 28. Rfc1 Rbg8 29. Qd1 Qd7 30. R1c3 Kh7 31. Bc5 Kh8 32. Bxd6 cxd6 33.
Qc1 g4 34. fxg4 hxg4 35. Rc7 Qa4 36. Rxg7 Rxg7 37. hxg4 Ng6 38. Rc8+ Kh7
39. Qc3 f3 40. Bxf3 Qd7 41. Rb8 Rg8 42. Rxg8 Kxg8 43. Qe3 Kg7 44. Qb6 Ne7
45. Be2 Nc8 46. Qf2 Qc7 47. Qe3 Ne7 48. Kh2 Ng6 49. g5 Qc2 50. g3 Kg8 51.
Kh3 Qb1 52. Bh5 Qh1+ 53. Kg4 Kg7 54. Qf3 Qxf3+ 55. Kxf3 Ne7 56. Ke3 Nc8 57.
Be8 Ne7 58. Kd3 Ng6 59. Kc4 Nf8 60. b5 Nh7 61. bxa6 bxa6 62. Bc6 Nxg5 63.
Kd3 1-0

[Event "Mercantile Bank 33rd ch-BAN"]
[Site "Dhaka BAN"]
[Date "2007.04.14"]
[Round "12"]
[White "Murshed,N"]
[Black "Mohammad,Ali"]
[Result "1-0"]
[WhiteElo "2448"]
[BlackElo "2200"]
[EventDate "2007.04.02"]

1. c4 e5 2. Nc3 Nf6 3. g3 Nc6 4. Bg2 Bc5 5. e3 Nb4 6. d3 a5 7. a3 Nc6 8.
Nge2 O-O 9. O-O d6 10. h3 Bb6 11. b3 Re8 12. Kh2 Ne7 13. d4 exd4 14. Nxd4
c6 15. Bb2 d5 16. cxd5 Nexd5 17. Nce2 Bc7 18. Qc2 Qe7 19. Nf4 Be5 20. Rad1
Bd6 21. Ra1 Bd7 22. Rfd1 Be5 23. Re1 Bd6 24. Nxd5 cxd5 25. Nf5 Bxf5 26.
Qxf5 Be5 27. Bxe5 Qxe5 28. Qxe5 Rxe5 29. Rac1 Rae8 30. Red1 h6 31. Rc7 b6
32. Rb7 R8e6 33. Rc1 Rf5 34. Kg1 Ne4 35. Rd7 Nc5 36. Rd8+ Kh7 37. Bxd5 Ree5
38. Rd1 g6 39. a4 Kg7 40. Kg2 Ne4 41. Bxe4 Rxe4 42. R1d4 Ree5 43. R8d6 b5
44. g4 Rf6 45. R6d5 Rxd5 46. Rxd5 bxa4 47. bxa4 Ra6 48. f4 Kf6 49. h4 Ra8
50. Kf3 Ke6 51. Rb5 Ra6 52. h5 Kf6 53. hxg6 fxg6 54. e4 Rc6 55. Rxa5 Rc3+
56. Kf2 Rc4 57. Ke3 Rc3+ 58. Kd4 Rg3 59. Ra6+ Kf7 60. f5 1-0

[Event "Mercantile Bank 33rd ch-BAN"]
[Site "Dhaka BAN"]
[Date "2007.04.14"]
[Round "12"]
[White "Rahman,SM"]
[Black "Hossain,Enam"]
[Result "0-1"]
[WhiteElo "2247"]
[BlackElo "2495"]
[EventDate "2007.04.02"]

1. d4 Nf6 2. Nf3 e6 3. c4 c5 4. d5 exd5 5. cxd5 Bd6 6. Nc3 O-O 7. g3 Bc7 8.
Bg2 d6 9. O-O Nbd7 10. a4 a6 11. e4 Re8 12. Re1 Rb8 13. Bf1 Nf8 14. Qc2 Ng6
15. b3 Ba5 16. Bb2 Bd7 17. Nd2 b5 18. axb5 axb5 19. h3 Bb4 20. Ra6 c4 21.
bxc4 Qc8 22. cxb5 Nxd5 23. Rc1 Nxc3 24. Bxc3 Bxb5 25. Bxb5 Rxb5 26. Qa4 Rc5
27. Nb1 Rf8 28. Qxb4 Qxa6 29. Qd4 Ne5 30. Kg2 Qe2 31. Re1 Qf3+ 32. Kh2 Qxc3
0-1

[Event "Mercantile Bank 33rd ch-BAN"]
[Site "Dhaka BAN"]
[Date "2007.04.15"]
[Round "13"]
[White "Hossain,Enam"]
[Black "Ahmed,SN"]
[Result "1-0"]
[WhiteElo "2495"]
[BlackElo "2324"]
[EventDate "2007.04.02"]

1. e4 c5 2. Nf3 d6 3. d4 cxd4 4. Nxd4 Nf6 5. Nc3 a6 6. Be2 e6 7. O-O Be7 8.
f4 Qc7 9. Kh1 O-O 10. a4 Nc6 11. Be3 Bd7 12. Qe1 Nxd4 13. Bxd4 Bc6 14. Qg3
g6 15. f5 e5 16. Be3 Bxe4 17. Bg5 Bc6 18. Qh4 Qd8 19. Rad1 Rc8 20. Rd3 Rc7
21. Rh3 h5 22. Rg3 Kg7 23. fxg6 fxg6 24. Bh6+ Kh7 25. Rxg6 Rg8 26. Rxg8
Qxg8 27. Bg5 Qg7 28. Bd3+ Kg8 29. Bc4+ d5 30. Bb3 Nh7 31. Bxe7 Qxe7 32.
Qxh5 Qe6 33. h3 Kh8 34. Ne4 Qe7 35. Nf6 Qe6 36. Ng4 Re7 37. Rf6 Qg8 38. Rf5
Be8 39. Qh4 Qg7 40. Bxd5 e4 41. Ne3 Bxa4 42. Rf1 Qe5 43. Rf8+ 1-0

[Event "Mercantile Bank 33rd ch-BAN"]
[Site "Dhaka BAN"]
[Date "2007.04.15"]
[Round "13"]
[White "Abdulla,AlR"]
[Black "Rahman,SM"]
[Result "1-0"]
[WhiteElo "2518"]
[BlackElo "2247"]
[EventDate "2007.04.02"]

1. d4 d5 2. c4 e6 3. Nc3 Nf6 4. Bg5 Be7 5. Nf3 O-O 6. Qc2 c5 7. dxc5 dxc4
8. e4 Nfd7 9. h4 Nxc5 10. Bxc4 a6 11. Rd1 Qc7 12. e5 b5 13. Bd3 Nxd3+ 14.
Rxd3 Bb7 15. Bxe7 Qxe7 16. Ng5 g6 17. Qd2 Bxg2 18. Rh2 b4 19. Nce4 Bxe4 20.
Nxe4 Nc6 21. Rd7 Nxe5 22. Rxe7 Nf3+ 23. Ke2 Nxd2 24. Kxd2 Rfd8+ 25. Ke3 Kf8
26. Rb7 Rab8 27. Rxb8 Rxb8 28. f3 h6 29. Rd2 a5 30. Rd7 1-0

[Event "Mercantile Bank 33rd ch-BAN"]
[Site "Dhaka BAN"]
[Date "2007.04.15"]
[Round "13"]
[White "Abdul,Mal"]
[Black "Murshed,N"]
[Result "1-0"]
[WhiteElo "2255"]
[BlackElo "2448"]
[EventDate "2007.04.02"]

1. e4 e6 2. d4 d5 3. Nd2 Nf6 4. e5 Nfd7 5. Ngf3 c5 6. c3 Nc6 7. Bd3 cxd4 8.
cxd4 Qb6 9. O-O Be7 10. Qa4 Ndb8 11. a3 Bd7 12. Qc2 Nxd4 13. Nxd4 Qxd4 14.
Nf3 Qa4 15. b3 Qa5 16. Bd2 Qd8 17. Bxh7 Nc6 18. b4 Rc8 19. Qb1 Qb6 20. Bd3
Nd4 21. Qd1 Nxf3+ 22. Qxf3 Qd4 23. Rfe1 a6 24. h3 Bc6 25. Qe2 Bh4 26. b5
axb5 27. Bb4 Be7 28. Bxe7 Kxe7 29. Bxb5 Rhd8 30. Rab1 Rd7 31. Rb4 Qc3 32.
Reb1 Qxa3 33. R4b3 Bxb5 34. Qe3 Qc5 35. Qg5+ Kf8 36. Rxb5 Qa7 37. R5b3 Rc2
38. Rxb7 Qxf2+ 39. Kh2 1-0

[Event "Mercantile Bank 33rd ch-BAN"]
[Site "Dhaka BAN"]
[Date "2007.04.15"]
[Round "13"]
[White "Rahman,Zia"]
[Black "Rahman,Tai"]
[Result "1-0"]
[WhiteElo "2543"]
[BlackElo "2269"]
[EventDate "2007.04.02"]

1. Nf3 Nf6 2. c4 e6 3. g3 d5 4. d4 c5 5. Bg2 Nc6 6. cxd5 exd5 7. O-O Be7 8.
Nc3 O-O 9. Bg5 cxd4 10. Nxd4 h6 11. Be3 Re8 12. Rc1 Bf5 13. Qa4 Na5 14.
Rcd1 Bd7 15. Qc2 Rc8 16. Qb1 Bg4 17. h3 Bh5 18. Nf5 Rxc3 19. bxc3 Bxe2 20.
Bxa7 Bxf1 21. Bxf1 Qc8 22. Ne3 Ne4 23. Nxd5 Bc5 24. Bxc5 Qxc5 25. Qb6 Qxb6
26. Nxb6 Nxc3 27. Rd3 Ne4 28. Bg2 Nf6 29. Bf3 Nc6 30. Rd6 Rd8 31. Rxd8+
Nxd8 32. a4 Kf8 33. a5 Ne8 34. Nc8 f6 35. Kf1 Kf7 36. Bd5+ Kf8 37. Ke2 Nc7
38. Bg2 Na6 39. Nd6 Nc6 40. Nxb7 Ne5 41. f4 Nc4 42. Kd3 Nxa5 43. Nxa5 g6
44. Kd4 Nc7 45. Nc6 Kg7 46. Kc5 f5 47. Bd5 Ne8 48. Nd4 Kf6 49. Bf3 Ng7 50.
Kd6 g5 51. Bd1 Ne8+ 52. Kd7 Ng7 53. Be2 Kf7 54. Ne6 Nxe6 55. Bc4 Kf6 56.
Bxe6 h5 57. h4 1-0

[Event "Mercantile Bank 33rd ch-BAN"]
[Site "Dhaka BAN"]
[Date "2007.04.15"]
[Round "13"]
[White "Minhazuddin,A"]
[Black "Mohammad,J"]
[Result "1-0"]
[WhiteElo "2225"]
[BlackElo "2267"]
[EventDate "2007.04.02"]

1. e4 c5 2. Nf3 d6 3. d4 cxd4 4. Nxd4 Nf6 5. Nc3 a6 6. Bc4 e6 7. Qe2 b5 8.
Bb3 Be7 9. Be3 Qc7 10. O-O-O Bd7 11. g4 b4 12. Na4 Nxe4 13. Nb6 Qxb6 14.
Nxe6 Qa5 15. Nxg7+ Kf8 16. Nf5 Bxf5 17. Bh6+ Ke8 18. gxf5 Qxf5 19. Rhe1 Qf6
20. Qxe4 Qxh6+ 21. Kb1 Ra7 22. Qd4 Nc6 23. Ba4 Rc7 24. Qxh8+ Kd7 25. Qb8
Qh4 26. Rxd6+ Kxd6 27. Rd1+ Qd4 28. Rxd4+ Nxd4 29. Qb6+ Nc6 30. Qxa6 Bf6
31. f4 Bd4 32. c3 bxc3 33. bxc3 Bxc3 34. Qd3+ Nd4 35. Bb3 f5 36. Qe3 h5 37.
Qe5+ Kc6 38. Bd5+ Kd7 39. Qf6 Rc5 40. Qf7+ Kd6 41. Bc4 Rc7 42. Qd5+ Ke7 43.
Qe5+ Kd7 44. Qd5+ Ke7 45. h4 Ke8 46. Bb5+ Ke7 47. Qe5+ Ne6 48. Qxf5 Rc5 49.
Qh7+ Bg7 50. Bd3 Kf8 51. Qg6 Rc6 52. Bb5 Rb6 53. Qe8+ 1-0

[Event "Mercantile Bank 33rd ch-BAN"]
[Site "Dhaka BAN"]
[Date "2007.04.15"]
[Round "13"]
[White "Islam,Kh"]
[Black "Abu Sufian,S"]
[Result "0-1"]
[WhiteElo "2315"]
[BlackElo "2356"]
[EventDate "2007.04.02"]

1. d4 d5 2. Nf3 c6 3. c4 Nf6 4. Qc2 dxc4 5. Qxc4 Bf5 6. g3 e6 7. Bg2 Nbd7
8. O-O Be7 9. Nc3 h6 10. Re1 Ne4 11. Qb3 Qb6 12. Nh4 Bxh4 13. gxh4 Qxb3 14.
axb3 Nxc3 15. bxc3 Bc2 16. b4 Nb6 17. b5 Kd7 18. c4 Nxc4 19. Bf4 cxb5 20.
Rec1 Bg6 21. Bxb7 a5 22. d5 exd5 23. Bxd5 Rhc8 24. e4 Ra7 25. Rcb1 Rc5 26.
Bxc4 Rxc4 27. Rxb5 Rxe4 28. Be3 Rg4+ 29. Kf1 Bd3+ 30. Ke1 Rg1+ 0-1

[Event "32nd ch-BAN"]
[Site "Dhaka BAN"]
[Date "2006.03.21"]
[Round "1"]
[White "Hossain,Enam"]
[Black "Murshed,N"]
[Result "1-0"]
[WhiteElo "2468"]
[BlackElo "2460"]
[EventDate "2006.03.10"]

1. e4 g6 2. d4 Bg7 3. Nc3 d6 4. Bg5 c6 5. Qd2 b5 6. f4 Nd7 7. Nf3 b4 8. Nd1
Ngf6 9. Bd3 Qb6 10. a3 bxa3 11. Rxa3 O-O 12. Rb3 Qc7 13. O-O d5 14. Bxf6
exf6 15. f5 Bb7 16. Nc3 Nb6 17. Qf2 Rfe8 18. exd5 cxd5 19. Nb5 Qd8 20. Qg3
Re7 21. Re1 Rxe1+ 22. Qxe1 Bf8 23. Qa5 Qe7 24. Bf1 Bc6 25. Nxa7 Ba4 26.
Rxb6 Bxc2 27. Qd2 Qxa7 28. Ra6 1-0

[Event "32nd ch-BAN"]
[Site "Dhaka BAN"]
[Date "2006.03.10"]
[Round "1"]
[White "Rahman,Zia"]
[Black "Abu Sufian,S"]
[Result "1-0"]
[WhiteElo "2557"]
[BlackElo "2278"]
[EventDate "2006.03.10"]

1. c4 c6 2. e4 d5 3. cxd5 cxd5 4. exd5 Nf6 5. Qa4+ Nbd7 6. Nc3 g6 7. Nf3
Bg7 8. Bc4 O-O 9. d3 a6 10. Qa3 b6 11. O-O Bb7 12. Re1 b5 13. Bb3 Re8 14.
Ng5 Nb6 15. d6 e6 16. Nge4 Nfd5 17. Bg5 f6 18. Nxd5 Nxd5 19. Bh4 Bc6 20.
Bxd5 Bxd5 21. d7 Qxd7 22. Nxf6+ Bxf6 23. Bxf6 Qb7 24. Qd6 Bxg2 25. Bc3 Bh1
26. Re4 Bxe4 27. Qe5 Kf8 28. dxe4 Qf7 29. Rd1 Red8 30. Bd4 Rac8 31. Kg2 Ke8
32. Rd3 Rxd4 33. Qxd4 1-0